[Event "60th Hastings it"]
[Site "Hastings"]
[Date "1985.01.06"]
[Round "8"]
[White "Plaskett, Harold James"]
[WhiteTitle "IM"]
[WhiteElo "2470"]
[Black "Kupreichik, Viktor"]
[BlackTitle "GM"]
[BlackElo "2480"]
[Result "1-0"]
[PlyCount "97"]
[EventDate "1984.12.29"]

1.e4 e5 2.Nf3 Nc6 3.Bb5 Nd4 4.Nxd4 exd4 5.O-O Bc5 6.b4 Bxb4 7.Bb2 Ne7 8.
Bxd4 O-O 9.Qc1 c5 10.Qb2 cxd4 11.Qxb4 d5 12.Qxd4 dxe4 13.Qxe4 Bf5 14.Qf3 
Rc8 15.c3 Qb6 16.a4 Rfd8 17.Re1 Be6 18.Qe3 Qa5 19.Na3 Nd5 20.Qe4 a6 21.Bf1
Qc7 22.Rab1 Rd7 23.Rb2 Ra8 24.h3 g6 25.Qf3 Nb6 26.Reb1 Bd5 27.Qg4 Nc8 28.
Nc4 Bc6 29.d4 Bxa4 30.Ne5 Re7 31.Rxb7 Qxb7 32.Rxb7 Rxb7 33.Bxa6 Rb1+ 34.
Kh2 Nd6 35.Qg5 Re8 36.Ng4 Ne4 37.Qf4 f5 38.Bd3 Re1 39.Bxe4 fxg4 40.Bd5+ 
Kg7 41.Qf7+ Kh6 42.Qf4+ Kg7 43.Qf7+ Kh6 44.hxg4 Bc2 45.Kg3 g5 46.f4 gxf4+ 
47.Qxf4+ Kg7 48.Qf7+ Kh6 49.Qf6+ 1-0

[Event "60th Hastings it"]
[Site "Hastings"]
[Date "1985.01.06"]
[Round "8"]
[White "Watson, William"]
[WhiteTitle "IM"]
[WhiteElo "2450"]
[Black "Martin, Andrew David"]
[BlackTitle "IM"]
[BlackElo "2445"]
[Result "1/2-1/2"]
[PlyCount "39"]
[EventDate "1984.12.29"]

1.e4 d5 2.exd5 Nf6 3.Bb5+ Bd7 4.Bc4 b5 5.Be2 Nxd5 6.d4 e6 7.Nf3 Bd6 8.O-O 
O-O 9.Ne5 Bxe5 10.dxe5 Bc6 11.Nd2 Nd7 12.Nf3 a6 13.Qd4 Ne7 14.Bg5 Bd5 15.
a4 Rb8 16.Rfd1 Qe8 17.axb5 axb5 18.Bxe7 Qxe7 19.Ra7 Rfc8 20.b3 1/2-1/2

[Event "60th Hastings it"]
[Site "Hastings"]
[Date "1985.01.07"]
[Round "9"]
[White "Abramovic, Bosko"]
[WhiteTitle "IM"]
[WhiteElo "2480"]
[Black "Fedorowicz, John"]
[BlackTitle "IM"]
[BlackElo "2485"]
[Result "1/2-1/2"]
[PlyCount "89"]
[EventDate "1984.12.29"]

1.e4 c5 2.Nf3 d6 3.c3 Nf6 4.h3 g6 5.Bd3 Bg7 6.Bc2 O-O 7.O-O Nc6 8.Re1 e5 
9.Na3 Nh5 10.Nc4 h6 11.d3 Kh7 12.Be3 b5 13.Na3 a6 14.d4 cxd4 15.cxd4 Qf6 
16.d5 Ne7 17.Bd3 Bd7 18.Bf1 Rfc8 19.Qd2 Ng8 20.Nh2 Qd8 21.Nc2 f5 22.f3 
fxe4 23.fxe4 Nf4 24.Nb4 Qg5 25.Nd3 Nxh3+ 26.Kh1 Nf4 27.Nxf4 exf4 28.Bxf4 
Qe7 29.Nf3 Bg4 30.Nd4 Bd7 31.Nf3 Bg4 32.Bh2 Rf8 33.e5 Bxf3 34.exd6 Qh4 35.
gxf3 Rxf3 36.Bg2 Rf2 37.Qd3 Raf8 38.Qg3 Qh5 39.d7 R2f7 40.Qc7 Qh4 41.Re8 
Rxe8 42.dxe8=Q Rxc7 43.d6 Rc5 44.Be4 Rg5 45.d7 1/2-1/2

[Event "60th Hastings it"]
[Site "Hastings"]
[Date "1985.01.07"]
[Round "9"]
[White "Farago, Ivan"]
[WhiteTitle "GM"]
[WhiteElo "2520"]
[Black "Plaskett, Harold James"]
[BlackTitle "IM"]
[BlackElo "2470"]
[Result "1/2-1/2"]
[PlyCount "57"]
[EventDate "1984.12.29"]

1.d4 Nf6 2.c4 e6 3.Nf3 b6 4.g3 Ba6 5.b3 d5 6.Nbd2 Be7 7.Bg2 O-O 8.O-O Bb7 
9.Ne5 Na6 10.cxd5 exd5 11.Bb2 Re8 12.e3 c5 13.Qf3 Rc8 14.Rfc1 Rc7 15.Bf1 
Bd6 16.Bb5 Ree7 17.Qe2 Nb4 18.a3 cxd4 19.Rxc7 Rxc7 20.axb4 Bxe5 21.Nf3 d3 
22.Bxd3 Bxb2 23.Qxb2 Bc8 24.Nd4 Bd7 25.Rc1 Ne4 26.Rxc7 Qxc7 27.Qc2 Qxc2 
28.Bxc2 Kf8 29.Kf1 1/2-1/2

[Event "60th Hastings it"]
[Site "Hastings"]
[Date "1985.01.07"]
[Round "9"]
[White "Flear, Glenn Curtis"]
[WhiteTitle "IM"]
[WhiteElo "2455"]
[Black "Gutman, Lev"]
[BlackTitle "IM"]
[BlackElo "2485"]
[Result "0-1"]
[PlyCount "82"]
[EventDate "1984.12.29"]

1.d4 Nf6 2.c4 g6 3.Nc3 d5 4.Nf3 Bg7 5.cxd5 Nxd5 6.e4 Nxc3 7.bxc3 c5 8.Rb1 
a6 9.Be2 Qa5 10.O-O Qxa2 11.Bg5 Qa5 12.Qc1 Nd7 13.e5 Qd8 14.Qf4 cxd4 15.
cxd4 Nb6 16.Qh4 Nd5 17.Bc4 h6 18.Bxd5 Qxd5 19.Bxe7 g5 20.Nxg5 hxg5 21.Qxg5
Bh6 22.Qh4 Rg8 23.g3 Bd7 24.Rbe1 Bc6 25.f3 Qe6 26.Bf6 Rg6 27.g4 Kf8 28.g5 
Kg8 29.Qg3 Rc8 30.h4 Kh7 31.Kh2 Qf5 32.Rf2 Bd5 33.Qh3 Qf4+ 34.Qg3 Qxd4 35.
h5 Rgg8 36.e6 Qxf6 37.gxf6 Rxg3 38.Kxg3 fxe6 39.f4 Rg8+ 40.Kh2 Rf8 41.f5 
Rxf6 0-1

[Event "60th Hastings it"]
[Site "Hastings"]
[Date "1985.01.07"]
[Round "9"]
[White "Martin, Andrew David"]
[WhiteTitle "IM"]
[WhiteElo "2445"]
[Black "Ravikumar, Vaidyanathan"]
[BlackTitle "IM"]
[BlackElo "2385"]
[Result "1-0"]
[PlyCount "80"]
[EventDate "1984.12.29"]
[Annotator "Cafferty, B"]

1.e4 c5 2.Nc3 Nc6 3.f4 e6 4.Nf3 a6 5.d4 cxd4 6.Nxd4 d6 7.Be3 Nf6 8.Qf3 Bd7
9.O-O-O Qc7 10.g4 Nxd4 11.Rxd4 e5 12.Rd2 Bxg4 13.Qg3 Bd7 14.fxe5 dxe5 15.
Rxd7 Qxd7 ( 15...Nxd7 16.Nd5 Qc6 17.Bh3 Rc8 18.c3 ) 16.Bh3 Qe7 17.Rf1 h6 
18.Rxf6 gxf6 19.Nd5 Qd6 ( 19...Qd8 20.Bb6 ) 20.Bb6 h5 21.Nc7+ Ke7 22.Nd5+ 
Ke8 23.b4 Qc6 ( 23...Bh6+ 24.Kb1 Bf4 25.Qg7 Qf8 26.Nxf6+ Ke7 27.Nd5+ Ke8 
28.Qf6 ) 24.Nc7+ Ke7 25.Nd5+ Ke8 26.Qg1 Rc8 ( 26...Rd8 27.Bxd8 Kxd8 28.Qa7
) 27.Bxc8 Qxc8 28.Nxf6+ Ke7 29.Nd5+ Kd7 30.Qf1 Qc6 31.Qxf7+ Kc8 32.Bc7 
Bh6+ 33.Kb2 Rf8 34.Qh7 Be3 35.Ne7+ Kxc7 36.Nxc6+ Kxc6 37.Qg6+ Kd7 38.Qg7+ 
Ke8 39.Qxe5+ Kd7 40.Qg7+ Ke8 1-0

[Event "60th Hastings it"]
[Site "Hastings"]
[Date "1985.01.09"]
[Round "10"]
[White "Gutman, Lev"]
[WhiteTitle "IM"]
[WhiteElo "2485"]
[Black "Kupreichik, Viktor"]
[BlackTitle "GM"]
[BlackElo "2480"]
[Result "0-1"]
[PlyCount "74"]
[EventDate "1984.12.29"]

1.d4 d5 2.c4 dxc4 3.e4 Nc6 4.Nf3 Bg4 5.Bxc4 e6 6.Be3 Bxf3 7.gxf3 Qf6 8.Bb5
Ne7 9.Nc3 O-O-O 10.Qa4 Qxf3 11.Rg1 g6 12.Be2 Qf6 13.O-O-O Bg7 14.Bg5 Qxf2 
15.Rgf1 Qxh2 16.Bxe7 Rxd4 17.Bc4 Rxd1+ 18.Rxd1 Qf4+ 19.Kb1 Bxc3 20.bxc3 
Qxe4+ 21.Ka1 Qe5 22.Ba3 Rd8 23.Rxd8+ Nxd8 24.Kb2 Qe4 25.Qb5 Qc6 26.Qb4 Qb6
27.Kc2 Qxb4 28.cxb4 Kd7 29.Bb2 f5 30.Kd3 Kd6 31.Bd4 b6 32.Bg1 g5 33.Bh2+ 
e5 34.Bg1 Ne6 35.a4 e4+ 36.Kc3 f4 37.a5 e3 0-1

[Event "60th Hastings it"]
[Site "Hastings"]
[Date "1985.01.09"]
[Round "10"]
[White "Watson, William"]
[WhiteTitle "IM"]
[WhiteElo "2450"]
[Black "Abramovic, Bosko"]
[BlackTitle "IM"]
[BlackElo "2480"]
[Result "1-0"]
[PlyCount "50"]
[EventDate "1984.12.29"]

1.e4 e5 2.Nc3 Nf6 3.g3 Bc5 4.Bg2 Nc6 5.d3 a6 6.Be3 d6 7.Nf3 Bxe3 8.fxe3 
Be6 9.d4 Bg4 10.O-O Qd7 11.Qd2 O-O-O 12.Rab1 Rhe8 13.b4 Bh3 14.b5 axb5 15.
d5 Na7 16.Nxb5 Nxb5 17.Qa5 Qg4 18.Bxh3 Qxh3 19.Qxb5 Rd7 20.Qa4 Kd8 21.Rxb7
Ke7 22.Nxe5 dxe5 23.Qa3+ Rd6 24.Rxc7+ Nd7 25.Rc6 Qh6 1-0

[Event "60th Hastings it"]
[Site "Hastings"]
[Date "1985.01.10"]
[Round "11"]
[White "Abramovic, Bosko"]
[WhiteTitle "IM"]
[WhiteElo "2480"]
[Black "Ravikumar, Vaidyanathan"]
[BlackTitle "IM"]
[BlackElo "2385"]
[Result "1/2-1/2"]
[PlyCount "111"]
[EventDate "1984.12.29"]

1.e4 e5 2.Nf3 Nc6 3.Bb5 a6 4.Ba4 Nf6 5.O-O b5 6.Bb3 Be7 7.Re1 O-O 8.h3 d6 
9.c3 Nd7 10.d4 Bf6 11.Be3 Na5 12.Bc2 Nc4 13.Bc1 Bb7 14.b3 Ncb6 15.Be3 c5 
16.Nbd2 exd4 17.cxd4 g6 18.Rc1 Re8 19.d5 Bb2 20.Rb1 Bg7 21.Bg5 Qc7 22.Nf1 
Nf6 23.Qd2 c4 24.b4 Nbd7 25.Bh6 Bh8 26.Ng3 a5 27.Nd4 c3 28.Qd3 axb4 29.
Nxb5 Qb8 30.Qc4 Ba6 31.Rxb4 Nb6 32.Qf1 Nfd7 33.a4 Nc5 34.Reb1 Qd8 35.Qd1 
Bxb5 36.axb5 Ra2 37.Be3 Qc7 38.Ne2 Rea8 39.Bd4 Bxd4 40.Nxd4 Qe7 41.Qf3 
R8a3 42.Qf4 Qe5 43.Qe3 Ra1 44.f4 Nxd5 45.fxe5 Nxe3 46.exd6 R3a2 47.b6 Nxc2
48.b7 Nxb7 49.Nxc2 Rxc2 50.Rxb7 Raa2 51.d7 Rxg2+ 52.Kh1 Rh2+ 53.Kg1 Rag2+ 
54.Kf1 Rd2 55.Kg1 Rhg2+ 56.Kh1 1/2-1/2

[Event "60th Hastings it"]
[Site "Hastings"]
[Date "1985.01.10"]
[Round "11"]
[White "Flear, Glenn Curtis"]
[WhiteTitle "IM"]
[WhiteElo "2455"]
[Black "Watson, William"]
[BlackTitle "IM"]
[BlackElo "2450"]
[Result "1-0"]
[PlyCount "83"]
[EventDate "1984.12.29"]

1.d4 Nf6 2.c4 g6 3.Nc3 Bg7 4.Nf3 d6 5.g3 O-O 6.Bg2 Nbd7 7.O-O e5 8.e4 c6 
9.Rb1 Qe7 10.Re1 a6 11.b3 b5 12.Re2 Rd8 13.a3 bxc4 14.bxc4 exd4 15.Nxd4 
Ne5 16.Qa4 Bg4 17.f3 Bd7 18.Qb3 Rab8 19.Qxb8 Rxb8 20.Rxb8+ Be8 21.Be3 Qc7 
22.Rb3 Nxc4 23.Bf2 h5 24.Rc2 Nd7 25.Bf1 Na5 26.Nd5 Qd8 27.Nxc6 Nxc6 28.
Rxc6 Nc5 29.Rc8 Qa5 30.Rxe8+ Kh7 31.Rbb8 Qxa3 32.Be3 Nd7 33.Rb7 Ne5 34.f4 
Ng4 35.Rxf7 Qa2 36.Nf6+ Nxf6 37.Ree7 Ng4 38.Rxg7+ Kh8 39.Bd2 Qa1 40.Rh7+ 
Kg8 41.Reg7+ Kf8 42.Rf7+ 1-0

[Event "60th Hastings it"]
[Site "Hastings"]
[Date "1985.01.10"]
[Round "11"]
[White "Martin, Andrew David"]
[WhiteTitle "IM"]
[WhiteElo "2445"]
[Black "Farago, Ivan"]
[BlackTitle "GM"]
[BlackElo "2520"]
[Result "1/2-1/2"]
[PlyCount "82"]
[EventDate "1984.12.29"]

1.d4 Nf6 2.c4 e6 3.Nc3 Bb4 4.e3 O-O 5.Bd3 d5 6.cxd5 exd5 7.Ne2 Bd6 8.a3 a5
9.Ng3 Re8 10.O-O c6 11.Qc2 Na6 12.Bd2 c5 13.Bb5 Bd7 14.dxc5 Nxc5 15.Rad1 
Rc8 16.Bxd7 Qxd7 17.Bc1 Bxg3 18.hxg3 Nce4 19.Rd4 Qf5 20.Qd1 Re5 21.Ne2 Qg6
22.Nf4 Qh6 23.Bd2 g5 24.Nh3 b6 25.f4 Re6 26.fxg5 Nxg5 27.Rg4 Nxg4 28.Qxg4 
Rc2 29.Nxg5 Qg6 30.Bc3 Rxc3 31.bxc3 h6 32.Rxf7 hxg5 33.Rf5 Re4 34.Qf3 g4 
35.Qf2 Rxe3 36.Qxe3 Qxf5 37.Qxb6 Qe4 38.Qb8+ Kg7 39.Qc7+ Kg8 40.Qc8+ Kg7 
41.Qd7+ Kg8 1/2-1/2

[Event "60th Hastings it"]
[Site "Hastings"]
[Date "1985.01.11"]
[Round "12"]
[White "Plaskett, Harold James"]
[WhiteTitle "IM"]
[WhiteElo "2470"]
[Black "Gutman, Lev"]
[BlackTitle "IM"]
[BlackElo "2485"]
[Result "1-0"]
[PlyCount "77"]
[EventDate "1984.12.29"]

1.e4 c5 2.f4 Nf6 3.Nc3 d5 4.e5 d4 5.exf6 dxc3 6.fxg7 cxd2+ 7.Qxd2 Bxg7 8.
Bd3 Nc6 9.c3 Qd5 10.Qe2 Bf5 11.Bc4 Qe4 12.Nf3 Bh6 13.g3 O-O 14.Kf2 Qxe2+ 
15.Bxe2 f6 16.Re1 e5 17.fxe5 Bxc1 18.Raxc1 fxe5 19.Ke3 Be6 20.a3 h6 21.
Rcd1 Rf6 22.Rd6 Kg7 23.Bb5 Ne7 24.Rd2 Nd5+ 25.Ke4 Rd8 26.Red1 Bg4 27.Be2 
Bf5+ 28.Kxe5 Bg4 29.Ke4 Bf5+ 30.Ke5 Bh3 31.Ke4 Re6+ 32.Ne5 Bg2+ 33.Kf5 
Rf6+ 34.Kg4 Ne3+ 35.Kh4 Re8 36.Rd7+ Kf8 37.Ng4 Nf5+ 38.Kh5 Rfe6 39.Bc4 1-0

[Event "60th Hastings it"]
[Site "Hastings"]
[Date "1985.01.11"]
[Round "12"]
[White "Watson, William"]
[WhiteTitle "IM"]
[WhiteElo "2450"]
[Black "Kupreichik, Viktor"]
[BlackTitle "GM"]
[BlackElo "2480"]
[Result "1-0"]
[PlyCount "100"]
[EventDate "1984.12.29"]

1.e4 c5 2.Nc3 e6 3.f4 d5 4.Nf3 Nc6 5.Bb5 Nf6 6.Ne5 Qc7 7.Qf3 a6 8.Bxc6+ 
bxc6 9.O-O Bd6 10.d3 O-O 11.Kh1 a5 12.Bd2 Ba6 13.Rfe1 Rad8 14.Rad1 c4 15.
dxc4 dxc4 16.Qg3 Kh8 17.Nf3 Bb4 18.Ng5 Rd4 19.e5 Ng8 20.Qf2 Rd7 21.f5 h6 
22.f6 g6 23.Qh4 Rfd8 24.Nf3 Bf8 25.Ne4 c3 26.bxc3 c5 27.Rb1 Bb7 28.Rxb7 
Qxb7 29.Nxc5 Qd5 30.Nxd7 Rxd7 31.c4 Qc5 32.a4 h5 33.Rb1 Bh6 34.Bxh6 Nxh6 
35.Qf4 Ng8 36.h3 Qf8 37.c5 Rc7 38.Ng5 Nh6 39.Ne4 Kg8 40.g4 Qa8 41.Kh2 Kh7 
42.Ng5+ Kg8 43.Ne4 Kh7 44.gxh5 Nf5 45.hxg6+ fxg6 46.Ng5+ Kh8 47.Nxe6 Rc6 
48.Qe4 Qc8 49.Qxc6 Qxc6 50.Rb8+ Kh7 1-0

[Event "60th Hastings it"]
[Site "Hastings"]
[Date "1985.01.13"]
[Round "13"]
[White "Abramovic, Bosko"]
[WhiteTitle "IM"]
[WhiteElo "2480"]
[Black "Farago, Ivan"]
[BlackTitle "GM"]
[BlackElo "2520"]
[Result "1/2-1/2"]
[PlyCount "21"]
[EventDate "1984.12.29"]

1.e4 c5 2.Nf3 e6 3.c3 d5 4.exd5 exd5 5.d4 Nc6 6.Bb5 Bd6 7.O-O Ne7 8.dxc5 
Bxc5 9.Nbd2 O-O 10.Nb3 Bd6 11.Bg5 1/2-1/2

[Event "60th Hastings it"]
[Site "Hastings"]
[Date "1985.01.13"]
[Round "13"]
[White "Kupreichik, Viktor"]
[WhiteTitle "GM"]
[WhiteElo "2480"]
[Black "Ravikumar, Vaidyanathan"]
[BlackTitle "IM"]
[BlackElo "2385"]
[Result "1-0"]
[PlyCount "69"]
[EventDate "1984.12.29"]

1.e4 c5 2.Nf3 Nc6 3.d4 cxd4 4.Nxd4 Nf6 5.Nc3 d6 6.Bc4 e6 7.Be3 a6 8.Qe2 
Qc7 9.O-O-O Ne5 10.Bd3 Be7 11.Bg5 Nc6 12.Nxc6 bxc6 13.f4 e5 14.f5 O-O 15.
h4 Rb8 16.Bc4 a5 17.Bxf6 Bxf6 18.g4 Kh8 19.g5 Bd8 20.Qd3 Qb7 21.b3 Bc7 22.
h5 Qb4 23.g6 h6 24.f6 fxg6 25.hxg6 Rxf6 26.Rdf1 Bd8 27.Rxf6 Bxf6 28.Qd2 d5
29.Rxh6+ Kg8 30.Bxd5+ Kf8 31.Rh8+ Ke7 32.Bxc6 Be6 33.Nd5+ Bxd5 34.Qxd5 
Bg5+ 35.Kd1 1-0

[Event "60th Hastings it"]
[Site "Hastings"]
[Date "1985.01.13"]
[Round "13"]
[White "Martin, Andrew David"]
[WhiteTitle "IM"]
[WhiteElo "2445"]
[Black "Plaskett, Harold James"]
[BlackTitle "IM"]
[BlackElo "2470"]
[Result "1/2-1/2"]
[PlyCount "28"]
[EventDate "1984.12.29"]

1.d4 Nf6 2.c4 e6 3.Nc3 Bb4 4.e3 c5 5.a3 Bxc3+ 6.bxc3 Nc6 7.Bd3 e5 8.Ne2 e4
9.Bb1 b6 10.Ng3 Ba6 11.Nxe4 Nxe4 12.Bxe4 Bxc4 13.Bd3 Bxd3 14.Qxd3 d5 
1/2-1/2